| 000 | 00934pam a2200277 a 4500 | ||
|---|---|---|---|
| 999 |
_c3761 _d3761 |
||
| 001 | 3070473 | ||
| 003 | Nust | ||
| 005 | 20170105101224.0 | ||
| 008 | 970502s1998 ohua b 001 0 eng | ||
| 010 | _a 97017187 | ||
| 020 | _a0538868716 | ||
| 040 |
_aDLC _cDLC _dDLC |
||
| 050 | 0 | 0 |
_aHD30.22 _b.T78 1998 |
| 082 | 0 | 0 |
_a338.5/024/658 _221 |
| 100 | 1 |
_aTruett, Lila J. _q(Lila Jean) |
|
| 245 | 1 | 0 |
_aManagerial economics : _banalysis, problems, cases / _cLila J. Truett, Dale B. Truett. |
| 250 | _a6th ed. | ||
| 260 |
_aCincinnati, Ohio : _bSouth-Western College Pub, _cc1998. |
||
| 300 |
_axiv, 754 p. : _bcol. ill. ; _c24 cm. |
||
| 504 | _aIncludes bibliographical references and index. | ||
| 650 | 0 | _aManagerial economics. | |
| 700 | 1 | _aTruett, Dale B. | |
| 906 |
_a7 _bcbc _corignew _d1 _eocip _f19 _gy-gencatlg |
||
| 942 |
_2ddc _cBK |
||